Statistics for Islands by Letter - G

Click here to take the quiz!

General Stats

  • This quiz has been taken 82 times
  • The average score is 9 of 16

Answer Stats

HintIsland% Correct
Huge arctic island with a misleading nameGreenland
100%
Pacific island the U.S. captured during the Spanish-American War in 1898Guam
93%
Former Communist island nation that was invaded by the United States in 1983Grenada
88%
Crown Dependency in the English ChannelGuernsey
88%
Hadrian's Wall divided it in half in the 2nd century ADGreat Britain
86%
Largest island of SwedenGotland
64%
Largest of the Solomon Islands that was site of a bloody WWII battleGuadalcanal
55%
Home to the ninth most populated city in SpainGran Canaria
54%
Texas barrier island that was site of the deadliest hurricane in United States historyGalveston
51%
Main island of the Cayman IslandsGrand Cayman
46%
Second-largest island of MaltaGozo
43%
Island in the middle of Niagara Falls that is the "greatest of all time"Goat Island
29%
Second-largest island in British Columbia, home to many "crackers"Graham Island
25%
Main island of the ComorosGrande Comore
24%
Senegalese island near Dakar that was a hot spot during the Atlantic slave tradeGorée
11%
This island is home to the main airport of Rio de JaneiroGovernador Island
6%

Score Distribution

Percentile by Number Answered

Percent of People with Each Score

Your Score History

You have not taken this quiz